| 000 | 00934cad a22002295a 4500 | ||
|---|---|---|---|
| 001 | L156677 | ||
| 008 | 120622s20120618 d f s 000 0 eng u | ||
| 035 | _a(Sirsi) u156677 | ||
| 041 | 0 | _aeng | |
| 050 | _a333.33 $2 18 | ||
| 110 | 2 | _aRightmove | |
| 245 | 0 | 0 |
_aAverage prices set third consecutive record but still outpaced by inflation _h[electronic resource] |
| 260 |
_aLondon _bRightmove _c2012 |
||
| 490 | 0 | 0 |
_aRightmove House Price Index _vJune 2012 |
| 520 | _aNew sellers average asking prices increased by 1% dominated by London and the South East. Asking prices failed to keep pace with Retail Price Inflation with the exception of London. | ||
| 590 | _aKA | ||
| 650 | 2 | 4 | _aRIGHTMOVE HOUSE PRICE INDEX |
| 651 | 4 |
_aUnited Kingdom _y |
|
| 690 |
_aResidential property _96266 |
||
| 856 | 4 | 0 |
_uhttps://www.rightmove.co.uk/news/files/2012/06/june-2012.pdf _zView the item free of charge at www.rightmove.co.uk |
| 942 | _n0 | ||
| 999 |
_c114358 _d114358 |
||